BALKAN MUHACİRLERİNİN KONYA VİLAYETİNE İSKANI (Kayıt no. 761142)

MARC ayrıntıları
000 -LEADER
sabit uzunluktaki kontrol alanı 00281nam a2200097Ia 4500
001 - KONTROL NUMARASI
kontrol alanı 761142
005 - EN SON İŞLEMİN TARİH VE ZAMANI
kontrol alanı 20250826165201.0
008 - SABİT-UZUNLUKTA VERİ ÖĞELERİ--GENEL BİLGİ
sabit uzunluktaki kontrol alanı 250824s9999 xx 000 0 und d
245 #0 - ESER / YAZAR
ESER ADI BALKAN MUHACİRLERİNİN KONYA VİLAYETİNE İSKANI
Yazar Adı KÜRŞAT KURTULGAN
260 ## - YAYIN, DAĞITIM, VB.
YAYIN EVİ ÇİZGİ YAYINLARI
Mevcut
Düşüm durumu Kayıp durumu Hasar Durumu Ödünç verilmez Ana kütüphane Geçerli Kütüphane Edinilen tarih Toplam ödünç verme sayısı Barkod Son görüntüleme tarihi Fiyatın geçerli olmaya başladığı tarih Koha materyal türü
        BOSNA HERSEK ANADOLU İMAM HATİP LİSESİ BOSNA HERSEK ANADOLU İMAM HATİP LİSESİ 24.08.2025   10356303 26.08.2025 26.08.2025 Kitaplar
Gemini Bilgi Teknolojileri A.Ş. tarafından düzenlenmiştir.